Viborazo /

Guardado en:
Autor Principal: Sein, Santiago
Autores Corporativos: Universidad Nacional de Córdoba., Canal Encuentro.
Formato: Deslizar
Publicado: Argentina, 2008.
Series:Crónicas De Archivo - Capítulo 9
Materias:
Etiquetas: Agregar Etiqueta
Sin Etiquetas, Sea el primero en etiquetar este registro!
LEADER 01224ngm a22003495g 4500
001 CEM.cems023093
008 130507s2008##################0###0#####d
005 20241211162417.0
245 1 0 |a Viborazo /  |c Santiago Sein. 
260 |a Argentina,  |c 2008. 
300 |a 29 
490 0 |a Crónicas De Archivo - Capítulo 9 
500 |a Consultar en ventanilla. 
505 0 |a La intervención de la provincia de Córdoba durante el Gobierno de Levingston. Llegada de Uriburu y huelga general. Intervención de la policía y disturbios que provocan la renuncia del Interventor y caída de Levingston. 
538 |a Soporte: DVD - Color: Si - Grabación DRD 2012 
590 |a Identificación SIABUC: DVD Nº 59 
100 1 |a Sein, Santiago 
710 2 |a Universidad Nacional de Córdoba. 
710 2 |a Canal Encuentro. 
082 9 8 |/ SEI-1 
082 9 8 |/ ONG 
653 |a HISTORIA 
653 |a HISTORIA ARGENTINA 
653 |a VIVORAZO 
653 |a URIBURU, JOSE CAMILO 
653 |a LEVINGSTON 
653 |a CORDOBA 
653 |a VIBORAZO 
653 |a CRONICAS DE ARCHIVO 
653 |a NIVEL PRIMARIO 
653 |a NIVEL SECUNDARIO 
859 |a CEMS  |b BIB. CEMS - Depto. Recursos Didacticos  |h 982  |i SEI-1  |k DRD  |p 1736.12  |t Ej.1